Statistics for TNA / Impact - Ultimate X Match Participants

Click here to take the quiz!

General Stats

  • This quiz has been taken 47 times
    (11 since last reset)
  • The average score is 33 of 85

Answer Stats

No. of MatchesLast MatchWrestler% Correct
52006AJ Styles
100%
72010Christopher Daniels
100%
82023Alex Shelley
89%
182023Chris Sabin
89%
32016Robbie E
89%
12022Alisha Edwards
78%
22010Douglas Williams
78%
22016Eddie Edwards
78%
12010James Storm
78%
62011Kazarian
78%
42017Low Ki
78%
62021Petey Williams
78%
12010Robert Roode
78%
22013Samoa Joe
78%
12015Davey Richards
67%
22015Jeff Hardy
67%
62015Manik
67%
12015Matt Hardy
67%
42013Suicide
67%
12011Abyss
56%
32011Amazing Red
56%
12008Brother Ray
56%
32023Chris Bey
56%
22007Hernandez
56%
42009Homicide
56%
22019Jake Crist
56%
12021Josh Alexander
56%
12010Mr. Anderson
56%
42022Trey Miguel
56%
22015Austin Aries
44%
12008Brother Devon
44%
22009Consequences Creed
44%
72016DJZ
44%
42009Jay Lethal
44%
62022Kenny King
44%
32023Mike Bailey
44%
32016Rockstar Spud
44%
12007Shark Boy
44%
52014Sonjay Dutt
44%
12023Zachary Wentz
44%
52023Ace Austin
33%
22011Brian Kendrick
33%
12015Crazzy Steve
33%
12008Daivari
33%
42007Elix Skipper
33%
12019Ethan Page
33%
22011Jeremy Buck
33%
12019Johnny Impact
33%
22022Jordynne Grace
33%
22011Max Buck
33%
12016Mike Bennett
33%
12019Pat Buck
33%
12005Ron Killings
33%
32017Trevor Lee
33%
12022Blake Christian
22%
12004Hector Garza
22%
12023Jonathan Gresham
22%
22016Mark Andrews
22%
52005Matt Bentley
22%
32023Rich Swann
22%
12011Shannon Moore
22%
12015The Great Sanada
22%
12022Alex Zayne
11%
52022Andrew Everett
11%
12019Dante Fox
11%
22016Jessie Godderz
11%
12023Kushida
11%
22013Mason Andrews
11%
12021Rohit Raju
11%
22015Tigre Uno
11%
22023Alan Angels
0%
22016Braxton Sutter
0%
12022Chelsea Green
0%
22014Greg Marasciulo
0%
12023Jake Something
0%
12023Kevin Knight
0%
12022Lady Frost
0%
12008Naruki Doi
0%
12014Rashad Cameron
0%
12022Rosemary
0%
12013Rubix
0%
12023Samuray Del Sol
0%
12022Tasha Steelz
0%
12022Vincent
0%
12008Volador Jr
0%

Score Distribution

Percentile by Number Answered

Percent of People with Each Score

Your Score History

You have not taken this quiz since the last reset